| 000 | 00000nam##2200000za#4500 |
| 001 | 9.604554 |
| 003 | CaOODSP |
| 005 | 20210624211651 |
| 007 | cr ||||||||||| |
| 008 | 150406|2010||||xxc|||||o f|0| 0 fre|d |
| 040 | |aCaOODSP|bfre |
| 043 | |an-cn--- |
| 086 | 1 |aT41-1/85F-PDF |
| 110 | 1 |aCanada. |bTransports Canada. |
| 245 | 13|aLe marketing du transport actif |h[ressource électronique] |
| 260 | |aOttawa - Ontario : |bTransports Canada |cMars 2010. |
| 300 | |a11p.|bfigures en couleur, photographies |
| 490 | 1 |aÉtudes de cas sur les transports durables |vArticle numéro 85 |
| 500 | |aEn tête du titre : Programme de démonstration en transport urbain. « Fredericton (N.-B.), Metro Vancouver (C.-B.), Bridgewater (N.-É.) ». |
| 590 | |a12-36-Supp|b2012-08-22 |
| 775 | 08|tMarketing active transportation |w(CaOODSP)9.574829 |
| 830 | #0|aÉtudes de cas sur les transports durables ;|vArticle numéro 85|w(CaOODSP)9.503247 |
| 856 | 40|ahttp://publications.gc.ca|qPDF|s240 Ko|uhttps://publications.gc.ca/collections/collection_2012/tc/T41-1-85-fra.pdf|yArticle numéro 85 |
| 986 | |aTP : 15077 |